European Capitals by Picture 2. - Statistics

General Stats
  • This quiz has been taken 285 times
  • The average score is 12 of 15
Answer Stats
Picture Answer % Correct
Berlin
92%
Copenhagen
89%
Dublin
87%
Vatican City
87%
Brussels
85%
Reykjavík
82%
Lisbon
81%
Helsinki
80%
Sarajevo
75%
Stockholm
75%
Valletta
74%
Bratislava
71%
San Marino
68%
Minsk
63%
Andorra la Vella
58%
No matching quizzes found
Score Distribution
Percent of People with Each Score
Percentile by Number Answered
Your Score History
You have not taken this quiz